[Event "IND-chT 40th"]
[Site "Ahmedabad"]
[Date "2020.02.09"]
[Round "4.5"]
[White "Nayak, Rajesh"]
[Black "Rahul, Kumar"]
[Result "1-0"]
[WhiteElo "2169"]
[BlackElo "1818"]
[PlyCount "83"]
[EventDate "2020.02.07"]
[EventType "team-swiss"]
[EventRounds "9"]
[EventCountry "IND"]
[SourceTitle "CBM 194 Extra"]
[Source "ChessBase"]
[SourceDate "2020.03.31"]
[SourceVersion "1"]
[SourceVersionDate "2020.03.31"]
[SourceQuality "1"]
[WhiteTeam "Odisha"]
[BlackTeam "Bihar"]
[WhiteTeamCountry "IND"]
[BlackTeamCountry "IND"]

1. e4 e5 2. Nf3 Nc6 3. Nc3 Nf6 4. Bb5 d6 5. d4 exd4 6. Nxd4 Bd7 7. 0-0 Be7 8. Re1 0-0 9. Bxc6 bxc6 10. Qf3 c5 11. Nf5 Bxf5 12. Qxf5 Qc8 13. Qxc8 Raxc8 14. Bg5 Rb8 15. b3 h6 16. Bh4 Rb4 17. f3 Rb7 18. e5 Nd5 19. Nxd5 Bxh4 20. g3 Bd8 21. exd6 cxd6 22. Re4 f5 23. Re6 Rd7 24. Kf2 Bb6 25. c4 Bd8 26. Rae1 f4 27. R1e4 fxg3+ 28. hxg3 Bf6 29. f4 h5 30. Kf3 Kf7 31. Re2 Rh8 32. R6e4 Rb8 33. Rh2 Rh8 34. Re1 Kg6 35. Reh1 Rh6 36. Ke4 Bd4 37. b4 a6 38. a4 Rh8 39. f5+ Kg5 40. Nf4 d5+ 41. cxd5 Rg8 42. Ne6+ 1-0

[Event "IND-chT 37th"]
[Site "Bhopal"]
[Date "2017.02.07"]
[Round "8.1"]
[White "Jayakumaar, S."]
[Black "Rahul, Kumar"]
[Result "1-0"]
[WhiteElo "2237"]
[BlackElo "1790"]
[PlyCount "91"]
[EventDate "2017.02.02"]
[EventType "team-swiss"]
[EventRounds "9"]
[EventCountry "IND"]
[SourceTitle "CBM 176 Extra"]
[Source "ChessBase"]
[SourceDate "2017.03.02"]
[SourceVersion "1"]
[SourceVersionDate "2017.03.02"]
[SourceQuality "1"]
[WhiteTeam "Tamil Nadu"]
[BlackTeam "Bihar State"]
[WhiteTeamCountry "IND"]
[BlackTeamCountry "IND"]

1. e4 e5 2. Nf3 Nc6 3. Bb5 a6 4. Ba4 Nge7 5. c3 g6 6. 0-0 Bg7 7. d4 exd4 8. cxd4 b5 9. Bc2 d6 10. h3 0-0 11. Nc3 Na5 12. Bg5 h6 13. Bh4 g5 14. Bg3 f5 15. exf5 Bxf5 16. Re1 Nc4 17. Bb3 Kh8 18. Qe2 Ng6 19. Bxc4 bxc4 20. Qxc4 Bxh3 21. Nd5 Bg4 22. Nh2 Qd7 23. Nxc7 Rac8 24. Nxg4 Qxg4 25. Qe6 Qxd4 26. Qxg6 Rxc7 27. Qxd6 Rcf7 28. Qxd4 Bxd4 29. Re2 Rb7 30. Rd2 Bf6 31. Rb1 Kg7 32. b3 Rb5 33. Rc1 Rf7 34. Rc6 a5 35. Rdd6 h5 36. a4 Rf5 37. f3 Be5 38. Rg6+ Kf8 39. Rc8+ Ke7 40. Bxe5 Rxe5 41. Rc7+ Kf8 42. Rxf7+ Kxf7 43. Rb6 Rc5 44. Rb5 Rxb5 45. axb5 Ke6 46. g3 1-0

[Event "IND-chT 37th"]
[Site "Bhopal"]
[Date "2017.02.03"]
[Round "2.1"]
[White "Satyapragyan, Swayangsu"]
[Black "Rahul, Kumar"]
[Result "1-0"]
[WhiteElo "2442"]
[BlackElo "1790"]
[PlyCount "101"]
[EventDate "2017.02.02"]
[EventType "team-swiss"]
[EventRounds "9"]
[EventCountry "IND"]
[SourceTitle "CBM 176 Extra"]
[Source "ChessBase"]
[SourceDate "2017.03.02"]
[SourceVersion "1"]
[SourceVersionDate "2017.03.02"]
[SourceQuality "1"]
[WhiteTeam "Air India"]
[BlackTeam "Bihar State"]
[WhiteTeamCountry "IND"]
[BlackTeamCountry "IND"]

1. e4 e5 2. Nf3 Nc6 3. Bb5 a6 4. Ba4 Nge7 5. Bb3 Ng6 6. 0-0 Be7 7. c3 d6 8. d4 Bg4 9. h3 Bxf3 10. Qxf3 0-0 11. Be3 Bg5 12. Nd2 exd4 13. cxd4 Nxd4 14. Bxd4 Bxd2 15. Rad1 Bg5 16. e5 Bf4 17. exd6 Bxd6 18. Qxb7 Qg5 19. Qd5 Qxd5 20. Bxd5 Rab8 21. b3 Nf4 22. Bc4 a5 23. Bc3 Ra8 24. a4 Ne6 25. Rfe1 Nc5 26. Be5 Rab8 27. Rxd6 cxd6 28. Bxd6 Rbc8 29. Bxf8 Kxf8 30. Rd1 Ke7 31. Rd4 f6 32. Rd5 Rc7 33. g4 g6 34. Kg2 h6 35. Rd4 Rd7 36. Rxd7+ Kxd7 37. Kf3 Kd6 38. Ke3 Nd7 39. Bd3 g5 40. Kd4 Ne5 41. Be4 Nd7 42. Kc4 Nc5 43. Bg2 Ne6 44. Kb5 Nd4+ 45. Kxa5 Nxb3+ 46. Kb6 Nc5 47. Bc6 Nb3 48. Bb5 Ke5 49. a5 Nxa5 50. Kxa5 f5 51. Kb4 1-0

[Event "IND-ch U25"]
[Site "Kankarbagh"]
[Date "2015.10.16"]
[Round "5"]
[White "Rahul, Kumar"]
[Black "Rajarshi, Dutta"]
[Result "0-1"]
[WhiteElo "1737"]
[BlackElo "1873"]
[PlyCount "74"]
[EventDate "2015.10.13"]
[EventType "swiss"]
[EventRounds "9"]
[EventCountry "IND"]
[SourceTitle "CBM 168 Extra"]
[Source "ChessBase"]
[SourceDate "2015.10.29"]
[SourceVersion "1"]
[SourceVersionDate "2015.10.29"]
[SourceQuality "1"]

1. e4 e5 2. Nf3 Nc6 3. Bc4 Be7 4. d4 exd4 5. Nxd4 Nf6 6. Nxc6 dxc6 7. Qxd8+ Bxd8 8. Nc3 0-0 9. 0-0 Re8 10. f3 Be7 11. Be3 b5 12. Bd3 a6 13. Rad1 Nd7 14. a3 a5 15. Ne2 Nb6 16. Nd4 Bb7 17. Nf5 Bf8 18. c3 Na4 19. Rd2 Red8 20. Nd4 b4 21. axb4 axb4 22. c4 c5 23. Nb3 Nxb2 24. Rxb2 Rxd3 25. Nxc5 Rxe3 26. Nxb7 Rc3 27. c5 Rb8 28. Rxb4 Bxc5+ 29. Nxc5 Rxb4 30. Rd1 h6 31. Rd8+ Kh7 32. Nd7 h5 33. h4 Rb2 34. Ne5 f6 35. Nf7 Rcc2 36. e5 Rxg2+ 37. Kh1 Rgd2 0-1